Excelsis Lyrics-Ghost - Statistics

General Stats
  • This quiz has been taken 17 times
  • The average score is 207 of 228
Answer Stats
Answer % Correct
a
100%
A
100%
and
100%
And
100%
Come
100%
day
100%
end
100%
Everybody
100%
Excel
100%
Holy
100%
hurts
100%
I
100%
is
100%
It
100%
it
100%
It's
100%
know
100%
Land
100%
leaves
100%
me
100%
of
100%
one
100%
rainbow's
100%
the
100%
This
100%
to
100%
To
100%
too
100%
We
100%
will
100%
with
100%
You
100%
your
100%
am
88%
As
88%
away
88%
for
88%
goes
88%
There
88%
time
88%
afraid
75%
all
75%
are
75%
in
75%
pain
75%
avenue
63%
eternity
63%
friend
63%
make
63%
return
63%
sadness
63%
still
63%
breaking
50%
chance
50%
comes
50%
flood
50%
gates
50%
innocence
50%
levees
50%
love
50%
peace
50%
rubble
50%
there's
50%
Washes
50%
where
50%
again
38%
deliverance
38%
indiscretions
38%
life
38%
once
38%
Past
38%
penitence
38%
sailing
38%
stalemates
38%
vain
38%
grieved
13%
No matching quizzes found
Score Distribution
Percent of People with Each Score
Percentile by Number Answered
Your Score History
You have not taken this quiz